| 000 | 00875nam a22003135b 4500 | ||
|---|---|---|---|
| 001 | 2202001 | ||
| 003 | DO-SdBNP | ||
| 005 | 20180221093526.0 | ||
| 007 | 2202001 | ||
| 008 | 931004s 1993 sp a ||spa | ||
| 016 | 7 |
_a _2BPMSU |
|
| 017 |
_a _b |
||
| 020 | _a8434833662 | ||
| 035 | _a | ||
| 040 |
_aBPMSU _bspa _cBPSU _e |
||
| 080 | 0 | _a | |
| 100 | 1 |
_aSierra i Fabra, Jordi _d1947- |
|
| 245 | 1 | 3 |
_aLa fábrica de nubes / _cJordi Sierra i Fabra ;ilustraciones, Viví Escrivá |
| 250 | _a3ª ed. | ||
| 260 |
_aMadrid : _bSM, _c1993. |
||
| 300 |
_a88 p. : _b il., _c19 cm |
||
| 490 |
_aEl barco de vapor. _a Serie azul _v36 |
||
| 521 | _aA partir de 7 años. | ||
| 700 | 1 |
_aEscrivá, Viví _d1939- _eil. |
|
| 830 |
_a El barco de vapor. _pSerie azul _v36 |
||
| 942 |
_2ddc _cBK |
||
| 945 | _aInventariado, 2018/ YL | ||
| 956 |
_a VMATEO _210 _320160405 _6BPMSU _80069 |
||
| 999 |
_c9540 _d9540 |
||